000 00478nam a2200169 i 4500
001 56555
003 ES-MaACL
005 20230906163411.0
007 t|
008 031010s1960 sp ||||1| spa d
100 1 _aDickens, Mónica.
_944490
245 1 3 _aEl ángel del rincón /
_cMónica Dickens ; traducción de Pilar Gamose.
260 _aMadrid :
_bCid,
_c[1960]
300 _a407 p. ;
_c20 cm.
700 1 _aGamose, Pilar.
_953808
852 _aES-MaACL
_jC-19728
_bR.47139
999 _c56555
_d56555